Discursos leídos ante la Real Academia de Ciencias en la recepción pública de don Eduardo Rodríguez. (Record no. 163715)

MARC details
000 -LEADER
campo de control de longitud fija 01235nam a2200265 i 4500
001 - NÚMERO DE CONTROL
campo de control 163715
003 - IDENTIFICADOR DE NÚMERO DE CONTROL
campo de control ES-MaACL
005 - FECHA Y HORA DE LA ÚLTIMA TRANSACCIÓN
campo de control 20251012063056.0
008 - DATOS DE LONGITUD FIJA--INFORMACIÓN GENERAL
campo de control de longitud fija 991209s1860 sp |||| | spa d
080 ## - NÚMERO DE LA CLASIFICACIÓN DECIMAL UNIVERSAL
Número de la Clasificación Decimal Universal 53
100 1# - ENTRADA PRINCIPAL--NOMBRE DE PERSONA
Nombre de persona Rodríguez, Eduardo,
Fechas asociadas al nombre 1815-1881
9 (RLIN) 175901
245 10 - MENCIÓN DEL TÍTULO
Título Discursos leídos ante la Real Academia de Ciencias en la recepción pública de don Eduardo Rodríguez.
260 ## - PUBLICACIÓN, DISTRIBUCIÓN, ETC.
Lugar de publicación, distribución, etc. Madrid :
Nombre del editor, distribuidor, etc. [s.n.],
Fecha de publicación, distribución, etc. 1860 (
Fabricante Imp. y lib. de Eusebio Aguado)
300 ## - DESCRIPCIÓN FÍSICA
Extensión 47 p. ;
Dimensiones 25 cm.
530 ## - NOTA DISPONIBLE DE FORMULARIO FÍSICO ADICIONAL
Nota de formato físico adicional disponible Disponible en formato digial.
594 ## - Nota al título y mención de responsabilidad
Nota al título y mención de responsabilidad Tema de los discursos: Adelantamiento de las ciencias físicas en el concepto de sus múltiples y variadas aplicaciones.
594 ## - Nota al título y mención de responsabilidad
Nota al título y mención de responsabilidad Incluye (p. [37]-47) discurso de contestación del Marqués del Socorro
650 #7 - PUNTO DE ACCESO ADICIONAL DE MATERIA--TÉRMINO DE MATERIA
Término de materia o nombre geográfico como elemento de entrada Física
Fuente del encabezamiento o término embne
9 (RLIN) 12877
700 1# - ENTRADA AGREGADA--NOMBRE PERSONAL
Nombre de persona Solano de la Matalinares, José,
Títulos y otros términos asociados al nombre Marqués del Socorro,
Fechas asociadas al nombre 1802-1882
9 (RLIN) 132793
710 2# - ENTRADA AGREGADA--NOMBRE DE ENTIDAD CORPORATIVA
Nombre de entidad corporativa o nombre de jurisdicción como elemento de entrada Real Academia de Ciencias Exactas, Físicas y Naturales de España.
9 (RLIN) 175635
852 4# - LOCALIZACIÓN
Ubicación ES-MaACL
Número de control de estantería T-63-F-1
Nota libre - Enc. hol.
-- - Enc. en un vol. facticio
852 4# - LOCALIZACIÓN
Ubicación ES-MaACL
Número de control de estantería T-54-F-6
856 4# - LOCALIZACIÓN Y ACCESO ELECTRÓNICOS
Identificador Uniforme de Recursos <a href="http://bdh-rd.bne.es/viewer.vm?id=0000090076&page=1 ">http://bdh-rd.bne.es/viewer.vm?id=0000090076&page=1 </a>
Nota pública Biblioteca Digital Hispánica
Holdings
Estatus retirado Estado de pérdida Estado de daño No para préstamo Colección Biblioteca de origen Biblioteca actual Ubicación en estantería Fecha de adquisición Fuente de adquisición Total de préstamos Signatura topográfica completa Código de barras Visto por última vez Precio de reemplazo Tipo de ítem Koha
        Colección de folletos Biblioteca del Ateneo de Madrid Biblioteca del Ateneo de Madrid Depósito folletos 27/12/2012     T-54-F-6 1190634 23/02/2023 23/02/2023 Folleto
        Colección de folletos Biblioteca del Ateneo de Madrid Biblioteca del Ateneo de Madrid Depósito folletos 17/01/2008     T-63-F-1 1171561 23/02/2023 23/02/2023 Folleto